[Event "Galatasaray Blitz Chess Tournament"]
[Site "Istanbul"]
[Date "2019.03.24"]
[Round "16.4"]
[White "Gulbas, Cemil"]
[Black "Dastan, Muhammed Batuhan"]
[Result "0-1"]
[WhiteElo "2404"]
[BlackElo "2561"]
[Annotator "TA"]
[PlyCount "102"]
[EventDate "2019.03.24"]
[EventType "swiss"]
[EventCountry "TUR"]
[SourceTitle "playchess.com"]
[Source "ChessBase"]
[SourceQuality "1"]

{[%evp 25,102,-41,-40,-46,-32,-70,-69,-89,-66,-119,-91,-112,-120,-213,-212,-210,-117,-184,-69,-73,-66,-68,-82,-75,-75,-111,-58,-65,-36,-39,-18,-25,-16,-23,-18,-8,97,93,238,244,276,254,255,279,241,0,0,0,189,156,145,143,152,102,248,81,103,141,187,73,354,340,385,385,377,378,341,122,290,133,170,0,0,0,0,-2861,-2806,-29993,-29994]} 1. e4 c5 2. Nf3 d6 3. d4 cxd4 4. Nxd4 Nf6 5. Nc3 a6 6. Be3 Ng4 7. Bc1 Nf6 8. f3 e6 9. Be3 b5 10. Qd2 b4 {B80: Sicilian Scheveningen: 6 g3 and 6 Be3, including English Attack} (10... Bb7 11. g4 Nfd7 12. O-O-O Nb6 13. Nb3 N8d7 14. Na5 Rb8 15. Bd4 Ba8 16. h4 Qc7 17. g5 b4 18. Nb1 e5 19. Bxb6 Rxb6 20. Nc4 Rc6 21. Ne3 {1-0 (70) Aronian,L (2767)-Nakamura,H (2777) Saint Louis 2018}) 11. Nce2 e5 12. Nb3 a5 13. c4 Be6 {LiveBook: 3 Games} 14. Ng3 Nc6 {[#]} (14... a4 $5 15. Nc1 $8 Nc6 $11) 15. Qf2 $146 ({Predecessor:} 15. Rd1 a4 16. Nc1 Be7 17. Bd3 O-O 18. O-O {½-½ (23) Demetrio,A (2518)-Ciucurel,S (2425) ICCF email 2010}) 15... a4 16. Nd2 Nd7 17. Be2 (17. Rd1 $15) 17... g6 18. h4 h5 19. O-O-O (19. Rd1 $17) 19... Bg7 $19 20. Kb1 Qe7 ({Black should try} 20... O-O $19 21. Bf1 Re8) 21. Ngf1 (21. Bd3 $17) 21... Nc5 (21... f5 $19 {Strongly threatening ...f4.} 22. Bg5 Qf7) 22. Bxc5 $1 $15 dxc5 23. Ne3 Nd4 24. Nd5 Qd6 25. Bd3 a3 (25... Ra7 $17 26. Nf1 O-O) 26. b3 $1 O-O-O 27. Nf1 {[%cal Bd2f1,Bf1e3,Be3c2][%mdl 32]} f5 28. Nfe3 Kb8 29. Nc2 Nc6 30. Qg3 Bc8 (30... f4 $11 31. Qf2 (31. Qxg6 Rdg8 $17) 31... Rhg8) 31. exf5 $16 gxf5 (31... e4 $16 32. Qxd6+ Rxd6 33. fxe4 Rf8) 32. Qxg7 $18 Rdg8 {[#]} 33. Qf6 $1 {[%cal Rf6d6]} Qxf6 34. Nxf6 Rxg2 35. Rdg1 $2 (35. Kc1 $18) 35... Rd2 $11 36. Rd1 Rf2 $2 (36... Rg2 $1 $11) 37. Rhf1 Rh2 38. Nd5 Rxh4 39. Nb6 Be6 (39... e4 $16) 40. Ne3 $2 (40. Na4 $18 {is more deadly.}) 40... Nd4 $16 41. Na4 Rc8 {[#]} 42. Rh1 (42. Nc2 $1 $18 {is the precise move to win.}) 42... Nxf3 $2 {[%mdl 8192]} (42... Rxh1 $16 43. Rxh1 f4) 43. Bxf5 $18 Bxf5+ 44. Nxf5 Rxh1 45. Rxh1 h4 46. Kc2 $2 (46. Nxh4 $18 Rh8 47. Nxc5) 46... e4 $2 (46... Rd8 $16 {might work better.} 47. Kc1 (47. Nxc5 Rd2+ 48. Kb1 Rb2+ 49. Ka1 Rg2 $16) 47... Rd2) 47. Nd6 (47. Nxh4 $18 {and the rest is easy.} Rh8 48. Nxc5) 47... Nd4+ 48. Kb1 $2 ({White has to play} 48. Kd2 $18 Rd8 49. Nxe4) 48... Rg8 $11 {...h3 is the strong threat.} 49. Nxc5 {aiming for Nb5.} h3 {[%cal Bh4h3,Bh3h2][%mdl 32] White must now prevent ...h2!} (49... Rg2 $5 50. Na6+ $8 (50. Ndxe4 $2 Rb2+ 51. Kc1 Rxa2 $19) 50... Ka7 51. Nxb4 h3 52. Nb5+ Nxb5 53. Rxh3 Nd4 $11) 50. Ncxe4 $2 {[%mdl 8192] [#]} (50. Na6+ $11 Ka8 51. Nc7+ (51. Nxe4 $2 h2 $19) 51... Kb8 52. Na6+ Ka8 53. Nc7+ (53. Nxe4 h2 $19) 53... Kb8 54. Na6+) 50... h2 $1 $19 {[%mdl 512] ( -> ...Rg1+)} 51. Nf2 (51. Rxh2 Rg1#) 51... Rg1+ {Precision: White = 35%, Black = 41%.} 0-1

[Event "Galatasaray Blitz Chess Tournament"]
[Site "Istanbul"]
[Date "2019.03.24"]
[Round "16.5"]
[White "Ozturk, Kubra"]
[Black "Aghamaliyev, Cemil"]
[Result "0-1"]
[WhiteElo "2344"]
[BlackElo "2493"]
[Annotator "TA"]
[PlyCount "56"]
[EventDate "2019.03.24"]
[EventType "swiss"]
[EventCountry "TUR"]
[SourceTitle "playchess.com"]
[Source "ChessBase"]
[SourceQuality "1"]

{[%evp 12,56,47,34,47,48,63,25,38,25,57,35,88,35,97,100,114,85,106,88,105,105,106,92,108,70,64,-52,-43,-55,-56,-64,-63,-59,-41,-152,-150,-268,-243,-269,-248,-366,-189,-600,-617,-630,-606]} 1. d4 g6 2. c4 Bg7 3. Nf3 d6 4. Nc3 Bg4 5. e3 {[%cal Be2e3,Be3e4][%mdl 32]} Nf6 6. Be2 O-O 7. h3 Bc8 {E61: King's Indian: Early deviations for White, including Smyslov System} 8. O-O Nbd7 9. e4 e5 {White has an edge.} 10. Be3 Re8 $146 ({Predecessor:} 10... exd4 11. Nxd4 Re8 12. Qc2 Qe7 13. Rfe1 Nc5 14. Bf3 a5 {1-0 (45) Sulava,N (2535)-Geenen,M (2329) France 2003}) 11. Qc2 c6 (11... exd4 $14 12. Nxd4 Nc5) 12. Rad1 (12. d5 $16) 12... Qe7 {[#]} ({Black should play} 12... exd4 $14 13. Rxd4 (13. Bxd4 Qe7 $11) 13... Qe7) 13. d5 $1 $16 c5 14. Nb5 Rf8 15. a3 a6 16. Nc3 Ne8 17. b4 b6 18. Nd2 f5 {[%cal Bf7f5,Bf5f4][%mdl 32] Hoping for ...f4.} 19. f4 ({Better is} 19. Nb3 $14) 19... exf4 $15 20. Bxf4 g5 21. Be3 f4 22. Bf2 Nef6 23. Rde1 (23. Rb1 $15) 23... Ne5 $17 24. Nd1 (24. Na4 $17 {was necessary.} Rb8 25. Rb1) 24... h5 {[%cal Bh7h5,Bh5g4,Bg4g3][%mdl 32]} 25. Nb2 {[#]} g4 $1 26. hxg4 (26. Bh4 $142 gxh3 27. Nd3) 26... Nfxg4 (26... hxg4 $142 27. bxc5 bxc5) 27. Bxg4 $2 (27. Nd3) 27... hxg4 $19 28. Nd3 g3 {[%mdl 64] Trapped Piece. Accuracy: White = 14%, Black = 58%.} 0-1

[Event "Galatasaray Blitz Chess Tournament"]
[Site "Istanbul"]
[Date "2019.03.24"]
[Round "17.1"]
[White "Ozturk, Kubra"]
[Black "Gokerkan, Cem Kaan"]
[Result "0-1"]
[WhiteElo "2344"]
[BlackElo "2419"]
[Annotator "TA"]
[PlyCount "65"]
[EventDate "2019.03.24"]
[EventType "swiss"]
[EventCountry "TUR"]
[SourceTitle "playchess.com"]
[Source "ChessBase"]
[SourceQuality "1"]

{[%evp 12,65,12,0,-1,0,0,-4,20,-5,0,3,15,12,11,0,-2,10,76,69,69,69,66,18,89,10,9,17,92,-42,-46,-144,-139,-143,-141,-141,-137,-132,-120,-121,-123,-133,-109,-112,-99,-112,-77,-129,-140,-188,-157,-191,-180,-179,-20,-213]} 1. d4 Nf6 2. c4 e6 3. Nc3 Bb4 4. e3 O-O 5. Nge2 d5 6. a3 Bd6 7. Ng3 c6 {E46: Nimzo-Indian: Rubinstein: 4 e3 0-0 5 Ne2 without early Bd3} 8. Be2 Nbd7 9. O-O Re8 10. b4 dxc4 $146 ({Predecessor:} 10... a5 11. b5 c5 12. dxc5 Nxc5 13. Qc2 b6 14. Bf3 Bb7 15. cxd5 exd5 {0-1 (54) Bitalzadeh,A (2420)-Nisipeanu,L (2672) Sarajevo 2010}) 11. Bxc4 e5 12. Qb3 $36 {[%mdl 2048] Black is under pressure.} Rf8 $1 13. Nce4 Nxe4 14. Nxe4 Be7 (14... Bc7 $11) 15. Bb2 $16 exd4 16. Bxd4 Nb6 17. Rad1 {aiming for Bxg7!} Qc7 (17... Nxc4 $11 18. Qxc4 Qd5 19. Qxd5 cxd5) 18. Qc3 (18. Bd3 $16) 18... Nxc4 $11 19. Bxg7 Be6 (19... Rd8 $1 $11 {keeps the balance.}) 20. Bxf8 (20. Nf6+ $1 $16 Bxf6 21. Qxf6) 20... Rxf8 $15 21. f4 (21. Nf6+ $15 Bxf6 22. Qxf6) 21... f5 $17 22. Nc5 {[#]} Bxc5 $1 23. bxc5 Bd5 24. Rd4 Qf7 25. Rc1 {[%cal Rd4c4] [#]} b5 $1 26. cxb6 Nxb6 27. a4 Qg7 {[%csl Gd5][%cal Rg7g2]} 28. Qd2 Nd7 29. a5 ({White should play} 29. Rxd5 cxd5 30. Qxd5+ Qf7 31. Qxf7+ Rxf7 32. Kf2) 29... Nf6 30. a6 Ne4 31. Qe2 Kh8 32. Rb4 {intending Rb7.} Rg8 $2 (32... c5 $19 33. Rb2 Rg8) 33. Qb2 $2 {Accuracy: White = 41%, Black = 38%.} (33. Rb7 $11 {and White is okay.} Nc3 34. Qb2 Qxg2+ 35. Qxg2 Rxg2+ 36. Kf1) 0-1

[Event "Galatasaray Blitz Chess Tournament"]
[Site "Istanbul"]
[Date "2019.03.24"]
[Round "17.2"]
[White "Aghamaliyev, Cemil"]
[Black "Gulbas, Cemil"]
[Result "1-0"]
[WhiteElo "2493"]
[BlackElo "2404"]
[Annotator "TA"]
[PlyCount "69"]
[EventDate "2019.03.24"]
[EventType "swiss"]
[EventCountry "TUR"]
[SourceTitle "playchess.com"]
[Source "ChessBase"]
[SourceQuality "1"]

{[%evp 16,69,32,20,51,35,54,49,160,152,177,180,204,167,175,170,189,188,194,200,204,179,185,171,179,175,249,256,262,265,255,260,296,226,394,370,402,316,400,431,474,411,479,476,596,601,2409,2418,29991,29992,29992,29992,29996,29997,29998,29999]} 1. e4 d6 2. d4 Nf6 3. Nc3 g6 4. f4 Bg7 5. Nf3 O-O 6. Bd3 Na6 7. O-O c5 8. d5 Nc7 9. Qe1 Bd7 {B09: Pirc Defence: Austrian Attack} 10. a4 $1 a6 11. a5 Nb5 ({Black should try} 11... Bb5 $14) (11... Bb5 12. f5 gxf5 13. exf5 Bxd3 14. cxd3 Nfxd5 15. Nxd5 Nxd5 16. Ng5 Nf6 17. Ra4 {1-0 (26) Jumabayev,R (2522)-Kotsur,P (2562) Astana 2011}) 12. Na4 $146 {[%cal Bc3a4,Ba4b6,Bb6c4][%mdl 32]} ({Predecessor:} 12. e5 dxe5 13. fxe5 Ng4 14. h3 Nxc3 15. Qxc3 Nh6 16. Qxc5 {1-0 (16) Rotte,P (1942)-Koks,P ICCF email 2015}) 12... Bg4 13. Nb6 Rb8 14. c3 Nd7 15. Nc4 Bxf3 16. Rxf3 e6 {[#]} 17. dxe6 $1 fxe6 18. f5 d5 19. fxe6 Rxf3 20. gxf3 dxc4 (20... Ne5 {keeps fighting.} 21. Nxe5 Bxe5 22. exd5 Qxd5) 21. Bxc4 $18 Kh8 {White must now prevent ...Ne5.} 22. exd7 Qxd7 23. Be3 Rf8 24. Qg3 Qe7 $2 (24... Na7 25. Kg2 Qe7) 25. Rd1 Be5 26. f4 Bg7 27. e5 Qc7 28. h4 Qxa5 29. h5 Qa4 30. b3 Qa3 31. hxg6 {White threatens Qh4 and mate.} Nxc3 32. Qh4 {[%csl Gg6][%cal Rh4h7] White mates.} h6 {[#]} 33. f5 $1 {[%mdl 512]} Nxd1 (33... Rxf5 34. Rd8+) 34. Bxh6 Rxf5 35. Bg5+ {Accuracy: White = 98%, Black = 30%.} 1-0

[Event "Galatasaray Blitz Chess Tournament"]
[Site "Istanbul"]
[Date "2019.03.24"]
[Round "17.3"]
[White "Dastan, Muhammed Batuhan"]
[Black "Tuncer, Tuna"]
[Result "1-0"]
[WhiteElo "2561"]
[BlackElo "2371"]
[Annotator "TA"]
[PlyCount "91"]
[EventDate "2019.03.24"]
[EventType "swiss"]
[EventCountry "TUR"]
[SourceTitle "playchess.com"]
[Source "ChessBase"]
[SourceQuality "1"]

{[%evp 13,91,0,44,8,87,93,87,77,159,156,198,172,172,184,200,190,186,206,190,196,187,158,158,154,169,185,221,18,13,7,9,-23,-33,-29,-10,-4,0,0,0,0,33,41,188,183,189,201,223,169,416,325,339,235,775,335,345,0,0,0,0,-10,-16,-16,91,0,0,0,371,348,324,327,910,810,29950,29951,5545,5239,29982,29983,29997,29998]} 1. d4 Nf6 2. Nf3 g6 3. Bg5 Bg7 4. Nbd2 d5 5. e3 O-O 6. c3 c5 7. Be2 Nc6 8. O-O {D03: 1 d4 d5 2 Nf3 Nf6 3 Bg5, including Torre Attack with early ...d5} Bf5 (8... b6 $11) (8... cxd4 9. exd4 Bf5 10. Re1 a6 11. h3 b5 12. Nb3 b4 13. c4 a5 14. cxd5 Nxd5 15. Rc1 Qd6 16. Bb5 Rfc8 17. Bh4 Na7 {1-0 (33) Harikrishna,P (2726)-Bacrot,E (2720) Dubai 2014}) 9. dxc5 $16 e5 10. b4 $146 {White is better.} ({Predecessor:} 10. Nb3 Be6 11. Nfd2 h6 12. Bh4 Qc7 13. c4 g5 14. Bg3 Qe7 15. cxd5 Nxd5 {½-½ (52) Panchenko,D-Gromov,A (2207) Smolensk 2001}) 10... e4 (10... Qc7 $142) 11. Nd4 Bd7 12. Nxc6 bxc6 13. Nb3 h6 14. Bf4 Ne8 15. Nd4 g5 16. Bg3 f5 17. f4 g4 18. c4 Nc7 19. b5 cxb5 20. c6 $2 {[#]} ({Inferior is} 20. Nxb5 Bxa1 21. Qxa1 Rb8 $11) (20. cxb5 Bxd4 21. Qxd4 Bxb5 $14) (20. cxd5 $18 {Threatens to win with d6.} Kh7 21. d6) 20... Bxd4 $1 $11 21. Qxd4 Bxc6 22. cxb5 Bxb5 23. Bxb5 Nxb5 24. Qc5 Qd7 25. a4 $36 {[%mdl 2048] White has some pressure.} Nc7 26. Rfd1 Rfd8 27. Bh4 Ne6 ({Black should try} 27... Qd6 $14 28. Rac1 Qxc5 29. Rxc5 Rd7) 28. Qa5 $18 Rdc8 29. Rxd5 Qg7 30. Rad1 {Hoping for Re5.} Rc7 $2 (30... Qb2 31. Qa6 (31. Rxf5 Rc2 $16) 31... Qb6 32. Qxb6 axb6) 31. Re5 Re8 32. Rxf5 Rc2 $2 (32... Qc3 33. Qb5 Ng7) 33. Qd5 (33. Qb5 $142 Rec8 34. Qd5 {[%mdl 64] Double Attack}) 33... Qb2 34. Kh1 $2 (34. Qxe4 $18 Rc1 35. Rfd5) 34... Rxg2 $11 35. Bg3 Qe2 $1 {[%cal Re2f3] [#] ( -> ...Qf3)} 36. Rg1 Rxg1+ 37. Kxg1 Re7 (37... Qxe3+ $11 38. Kg2 Qe2+ 39. Kg1 Qe3+ 40. Kf1 Kh8) 38. Rf6 (38. Bf2 $16 {Strongly threatening Qd6.} Qd3 39. Kg2) 38... Qxe3+ 39. Bf2 Qc1+ $2 {[%mdl 8192]} (39... Qd3 $11 {and Black has nothing to worry.} 40. Qe5 Qd1+ 41. Kg2 Qf3+ 42. Kg1 Qd1+ 43. Kg2 e3 44. Bxe3 Ng7 45. Qxe7 Qe2+ 46. Kg1 Qe1+ 47. Kg2 Qe2+ 48. Kg1 Qe1+ 49. Kg2 Qe2+) 40. Kg2 $18 Qc8 41. f5 (41. Qxe4 Qd7 $18) (41. Rxh6 Kg7 $11) 41... e3 $2 (41... Qb7 42. Qxb7 Nf4+ 43. Kg3 {[%mdl 64] Double Attack} Ne2+ 44. Kxg4 Rxb7 45. Rxh6 Rb4) 42. Bxe3 ({Less strong is} 42. Rxe6 Rxe6 43. fxe6 (43. Qxe6+ Qxe6 44. fxe6 exf2 $16) 43... exf2 $16) ({Weaker is} 42. fxe6 exf2 43. a5 Kg7 $14) 42... Qc2+ 43. Kg3 Qc7+ 44. Kxg4 Rg7+ 45. Kh3 Qc2 46. Qxe6+ {Accuracy: White = 57%, Black = 25%.} 1-0

[Event "Galatasaray Blitz Chess Tournament"]
[Site "Istanbul"]
[Date "2019.03.24"]
[Round "17.4"]
[White "Ozer, Omer Faruk"]
[Black "Yurtseven, Melih"]
[Result "0-1"]
[WhiteElo "2369"]
[BlackElo "2390"]
[Annotator "NA"]
[PlyCount "94"]
[EventDate "2019.03.24"]
[EventType "swiss"]
[EventCountry "TUR"]
[SourceTitle "playchess.com"]
[Source "ChessBase"]
[SourceQuality "1"]
[TimeControl "180+2"]

1. e4 {[%emt 0:00:02]} e6 {[%emt 0:00:00]} 2. d3 {[%emt 0:00:07]} d5 {[%emt 0:00:00]} 3. Nd2 {[%emt 0:00:00]} c5 {[%emt 0:00:01]} 4. Ngf3 {[%emt 0:00:01]} Nc6 {[%emt 0:00:02]} 5. g3 {[%emt 0:00:00]} Nf6 {[%emt 0:00:01]} 6. Bg2 {[%emt 0:00:01]} Be7 {[%emt 0:00:01]} 7. O-O {[%emt 0:00:02]} b6 {[%emt 0:00:03]} 8. Re1 {[%emt 0:00:02]} Bb7 {[%emt 0:00:01]} 9. Qe2 {[%emt 0:00:04]} Qc7 {[%emt 0:00:17]} 10. c3 {[%emt 0:00:03]} h6 {[%emt 0:00:18]} 11. a3 {[%emt 0:00:03]} O-O {[%emt 0:00:17]} 12. e5 {[%emt 0:00:03]} Nd7 {[%emt 0:00:04]} 13. Nf1 {[%emt 0:00:01]} Rfe8 {[%emt 0:00:06]} 14. h4 {[%emt 0:00:02]} f5 {[%emt 0:00:07]} 15. exf6 {[%emt 0:00:12]} Bxf6 {[%emt 0:00:02]} 16. Ne3 {[%emt 0:00:03]} Na5 {[%emt 0:00:22]} 17. Ng4 {[%emt 0:00:05]} Nb3 {[%emt 0:00:01]} 18. Nxf6+ {[%emt 0:00:16]} Nxf6 {[%emt 0:00:05]} 19. Bf4 {[%emt 0:00:03]} e5 {[%emt 0:00:09]} 20. Bxe5 {[%emt 0:00:01]} Qf7 {[%emt 0:00:04]} 21. Rad1 {[%emt 0:00:08]} d4 {[%emt 0:00:03]} 22. Qc2 {[%emt 0:00:10]} Ng4 {[%emt 0:00:06]} 23. Bf4 {[%emt 0:00:04]} dxc3 {[%emt 0:00:19]} 24. bxc3 {[%emt 0:00:02]} Na5 {[%emt 0:00:01]} 25. a4 {[%emt 0:00:34]} Rac8 {[%emt 0:00:01]} 26. Nh2 {[%emt 0:00:30]} Bxg2 {[%emt 0:00:06]} 27. Kxg2 {[%emt 0:00:01]} Qb7+ {[%emt 0:00:17]} 28. Kg1 {[%emt 0:00:03]} Nxh2 {[%emt 0:00:02]} 29. Kxh2 {[%emt 0:00:01]} Qf3 {[%emt 0:00:02]} 30. Kg1 {[%emt 0:00:17]} Kh8 {[%emt 0:00:01]} 31. Qd2 {[%emt 0:00:24]} Rcd8 {[%emt 0:00:05]} 32. Be5 {[%emt 0:00:05]} Kg8 {[%emt 0:00:16]} 33. Qa2+ {[%emt 0:00:08]} Kh7 {[%emt 0:00:04]} 34. Qc2 {[%emt 0:00:11]} Kg8 {[%emt 0:00:08]} 35. d4 {[%emt 0:00:01]} Kh8 {[%emt 0:00:14]} 36. Qg6 {[%emt 0:00:02]} Rxe5 {[%emt 0:00:02]} 37. Rxe5 {[%emt 0:00:02]} Qxd1+ {[%emt 0:00:02]} 38. Kg2 {[%emt 0:00:02]} Qb3 {[%emt 0:00:02]} 39. Re7 {[%emt 0:00:02]} Qg8 {[%emt 0:00:02]} 40. dxc5 {[%emt 0:00:02]} bxc5 {[%emt 0:00:12]} 41. Rxa7 {[%emt 0:00:03]} Nc4 {[%emt 0:00:02]} 42. a5 {[%emt 0:00:03]} Ne5 {[%emt 0:00:02]} 43. Qf5 {[%emt 0:00:11]} Qd5+ {[%emt 0:00:04]} 44. f3 {[%emt 0:00:00]} Qd2+ {[%emt 0:00:08]} 45. Kh3 {[%emt 0:00:03]} Qe2 {[%emt 0:00:01]} 46. Qe4 {[%emt 0:00:11]} Qf1+ {[%emt 0:00:02]} 47. Kh2 {[%emt 0:00:00]} Nxf3+ {[%emt 0:00:01]} 0-1

[Event "Galatasaray Blitz Chess Tournament"]
[Site "Istanbul"]
[Date "2019.03.24"]
[Round "17.5"]
[White "Arat, Ufuk Sezen"]
[Black "Yilmazyerli, Mert"]
[Result "1/2-1/2"]
[WhiteElo "2368"]
[BlackElo "2425"]
[Annotator "TA"]
[PlyCount "40"]
[EventDate "2019.03.24"]
[EventType "swiss"]
[EventCountry "TUR"]
[SourceTitle "playchess.com"]
[Source "ChessBase"]
[SourceQuality "1"]

{[%evp 23,24,0,2]} 1. d4 d5 2. c4 c6 3. cxd5 cxd5 4. Nc3 Nc6 5. Bf4 Nf6 6. e3 Bf5 7. Nf3 e6 8. Bd3 Bxd3 9. Qxd3 Bd6 10. Bxd6 Qxd6 11. O-O O-O 12. Rfc1 Rac8 {Predecessor:} 13. Ne2 $146 Ne7 14. Rxc8 Rxc8 15. Rc1 Rxc1+ 16. Nxc1 h6 17. h3 a6 18. Ne2 Qc7 19. Qc3 Qxc3 20. Nxc3 Kf8 {½-½ (20) Korobov,A (2652)-Jobava,B (2690) Villorba 2018} 1/2-1/2

[Event "Galatasaray Blitz Chess Tournament"]
[Site "Istanbul"]
[Date "2019.03.24"]
[Round "18.1"]
[White "Gokerkan, Cem Kaan"]
[Black "Arat, Ufuk Sezen"]
[Result "1-0"]
[WhiteElo "2419"]
[BlackElo "2368"]
[Annotator "TA"]
[PlyCount "107"]
[EventDate "2019.03.24"]
[EventType "swiss"]
[EventCountry "TUR"]
[SourceTitle "playchess.com"]
[Source "ChessBase"]
[SourceQuality "1"]

{[%evp 10,107,14,14,27,18,21,22,22,20,13,14,26,-40,-33,-24,-27,-19,-38,-40,-52,-40,-33,-41,0,0,0,0,0,0,14,0,-4,-8,0,-67,150,30,443,442,428,393,698,666,689,497,562,547,586,576,562,547,603,462,450,437,475,420,640,746,740,703,735,733,653,610,588,564,715,697,939,985,990,985,879,861,1345,1399,29973,29974,29973,29974,29974,29971,29987,29973,29973,29974,29973,29974,29973,29974,29980,29980,29983,29984,29984,29985,29984,29983]} 1. e4 c6 2. d4 d5 3. e5 Bf5 4. Nd2 e6 5. Nb3 Nd7 6. Nf3 Ne7 {B12: Caro-Kann: Advance Variation} 7. Be2 Nc8 8. O-O Be7 {The position is equal.} 9. a4 O-O 10. Be3 Qc7 11. Rc1 $146 (11. a5 $11) ({Predecessor:} 11. a5 a6 12. Rc1 Na7 13. c4 dxc4 14. Bxc4 {1-0 (51) Wang,H (2729)-Dreev,A (2667) Dubai 2014}) 11... Ncb6 $15 12. a5 Nc4 13. Bxc4 $1 dxc4 14. Nbd2 {[%cal Bb3d2,Bd2c4,Bc4d6][%mdl 32]} c3 15. bxc3 Qxa5 16. c4 Nb6 17. c5 $36 {[%mdl 2048] White has the initiative.} Nd5 18. Nc4 Qc3 19. Qe2 $1 {Hoping for Bd2.} Nxe3 20. fxe3 b5 21. Nd6 Bg6 22. Qe1 (22. Nd2 $11) 22... Qb2 $2 {[#]} (22... Qxe1 $15 23. Rfxe1 a5) 23. Qa5 (23. Rf2 $1 $16) 23... Bxc2 $2 {[%mdl 8192]} (23... b4 $11) 24. Qd2 $18 a5 25. Rxc2 Qb3 $2 (25... Qb4 26. Qxb4 axb4) 26. Rb2 Qa3 27. Ra2 Qb3 28. Rxa5 Rxa5 29. Qxa5 Qxe3+ 30. Kh1 g5 31. Qd2 Qxd2 32. Nxd2 Ra8 33. h3 Ra2 (33... Ra4 $142 34. Nb3 Ra3) 34. N2e4 b4 35. Rxf7 Bxd6 36. Nxd6 {[%mdl 4096] Endgame KRN-KR} Rd2 37. Re7 b3 38. Rb7 b2 {Threatening ...Rd1+.} 39. Kh2 h5 40. Ne4 Rxd4 41. Nf6+ {[%mdl 64] [#] Double Attack} Kf8 42. Rxb2 Rc4 43. Rb6 h4 44. Rxc6 {White mates.} Kf7 45. Rc8 Kg6 46. Ng4 Kf5 47. c6 {[%cal Bc5c6,Bc6c7][%mdl 32]} Ke4 48. c7 Rc2 49. Nf6+ Kxe5 50. Ne8 g4 51. hxg4 h3 52. Kxh3 Kf4 53. Ra8 Rc1 54. Ra4+ {Accuracy: White = 64%, Black = 26%.} 1-0

[Event "Galatasaray Blitz Chess Tournament"]
[Site "Istanbul"]
[Date "2019.03.24"]
[Round "18.3"]
[White "Yurtseven, Melih"]
[Black "Dastan, Muhammed Batuhan"]
[Result "1/2-1/2"]
[WhiteElo "2390"]
[BlackElo "2561"]
[Annotator "TA"]
[PlyCount "26"]
[EventDate "2019.03.24"]
[EventType "swiss"]
[EventCountry "TUR"]
[SourceTitle "playchess.com"]
[Source "ChessBase"]
[SourceQuality "1"]

{[%evp 9,26,0,0,0,0,0,0,-2,0,0,0,0,0,0,0,0,0,0,0]} 1. d4 d5 2. Bf4 c5 3. e3 cxd4 4. exd4 Nc6 5. c3 Bf5 {The position is equal.} (5... Nf6 6. Nd2 Bg4 7. Qb3 Qc8 8. Ngf3 e6 9. Bd3 Bh5 10. O-O Bg6 11. Bxg6 hxg6 12. Rae1 Be7 13. g3 O-O 14. Ne5 Nxe5 15. dxe5 Nd7 16. h4 Nc5 17. Qc2 Qc6 18. Re3 Qa6 19. Qb1 Rac8 20. Kg2 b5 {0-1 (50) Duda,J (2738)-Van Foreest,J (2612) Wijk aan Zee 2019}) 6. Bd3 {B13: Caro-Kann: Exchange Variation and Panov-Botvinnik Attack} Bxd3 7. Qxd3 e6 8. Nf3 Bd6 9. Bxd6 Qxd6 10. Nbd2 Nf6 11. O-O O-O 12. Rfe1 Nd7 $146 ({Predecessor:} 12... Qc7 13. Ne5 Nxe5 14. dxe5 {1-0 (38) Froewis,G (2437)-Sadykov,R (2351) Bilbao 2014}) 13. h3 Rab8 1/2-1/2